|
|
|
|
| LEADER |
00000cam a2200000 i 4500 |
| 001 |
1/20285 |
| 008 |
120607s1993 gr ||| | gre|| |
| 020 |
|
|
|a 9600407770
|
| 035 |
|
|
|l 10112680
|
| 040 |
|
|
|a GR-MyUA
|b gre
|e AACR2
|
| 041 |
0 |
|
|a gre
|
| 082 |
0 |
|
|a 889.3
|2 (22)
|
| 100 |
1 |
|
|a Τριανταφυλλόπουλος, Ν. Δ.
|q (Νίκος Δ.),
|d 1933-
|
| 245 |
1 |
0 |
|a Λιμενάρχης Ευρίπου :
|b διηγήματα /
|c Νίκος Τριανταφυλλόπουλος.
|
| 260 |
|
|
|a Αθήνα :
|b Κέδρος,
|c 1993.
|
| 300 |
|
|
|a 207 σ. ;
|c 21 εκ.
|
| 650 |
0 |
0 |
|a Greek fiction, Modern.
|
| 852 |
|
|
|a INST
|b SAMOS
|e 20120607
|h 889.3 ΤΡΙ
|p 005300033783
|q 005300033783
|t BK
|y 0
|
| 901 |
|
|
|a BIBL3-2012-1
|
| 909 |
|
|
|a Σ
|b 172331
|
| 970 |
|
|
|a ΓΟΥΒΑΛΑ
|b ΒΑΣΩ
|z 2012/06/07
|